000 00764nam0a22002651 4500
001 rc\4348236
005 20250612054724.0
021 _aRU
_b[67-88439]
035 _a(NLR Aleph) 008528100
090 _a8270646
_c8270646
100 _a20130416d1967 |||y0rusy50 ca
101 0 _arus
102 _aRU
105 _aa z |||c|
200 1 _aПо долгу сердца
_e[Очерки]
210 _aМосква
_cПолитиздат
_d1967
215 _a223 с.
_cил.
_d17
225 1 _aВремя и люди
606 _aСоветский народ
_jОчерки
_2psbo
700 1 _aГарин
_bС.С.
_gСемен Семенович
801 0 _aRU
_bNLR
_gpsbo
801 1 _aRU
_bELAR
_2rusmarc
852 _aNLR
_j67-2/3053
942 _cBOOK
980 _aNB